| 000 | 00531nam a2200181Ia 4500 | ||
|---|---|---|---|
| 999 |
_c2059 _d2059 |
||
| 003 | OSt | ||
| 005 | 20200812151345.0 | ||
| 008 | 190216s9999||||xx |||||||||||||| ||und|| | ||
| 040 | _coclc | ||
| 082 |
_a547 _bBRE/O |
||
| 100 |
_aBrewster, Ray Q _94081 |
||
| 245 | 0 |
_aOrganic Chemistry / _cRay Q Brewster ; William E Mcewen |
|
| 250 | _a3rd Ed. | ||
| 260 |
_bPrentice Hall Of India Pvt Ltd, _c1977. _aNew Delhi: |
||
| 300 | _a854p | ||
| 650 | _aChemistry-Chemistry | ||
| 942 |
_cBK _2ddc _h547 _iBRE/O _k547 _mBRE/O |
||